000 00388nam a2200145Ia 4500
008 100204s9999 xx 000 0 und d
082 _b1968
100 _aशिरवळकर माधव
245 _aलढा
260 _b"उदयदीप प्रकाशन , मुंबई"
_c1978
300 _a96
630 _aलढा
730 _aलढा
942 _cBOOK
999 _c447130
_d447127